| 000 | 00442nam a2200169 4500 | ||
|---|---|---|---|
| 003 | SEACOMEC | ||
| 005 | 20250505133416.0 | ||
| 008 | 250505b |||||||| |||| 00| 0 eng d | ||
| 020 |
_a9789332500808 _c275.00 |
||
| 040 | _aSEACOMEC | ||
| 082 |
_a670 _bS617 |
||
| 100 | _aSingh , D. K. | ||
| 245 |
_aManufacturing Technology: Theory and Problems / _cD. K. Singh |
||
| 250 | _a2nd ed | ||
| 260 |
_aNew Delhi : _bPearson, _c2009 |
||
| 942 | _cBOOK | ||
| 999 |
_c2262 _d2262 |
||